000 00757nam a2200217Ia 4500
003 OSt
005 20240406120349.0
008 210719s2009 xx 000 0 und d
040 _cAL
041 _aKannada
082 _aK894.8 KADA
100 _aKADIDALU SHAMANNA
_dಕಡಿದಾಳು ಶಾಮಣ್ಣ
_9159291
245 _aAa dashaka: embattara dashakada baraha mattu patragalu
_bಆ ದಶಕ : ಎಂಬತ್ತರ ದಶಕದ ಬರಹ ಮತ್ತು ಪತ್ರಗಳು
260 _aShivamogga
_c2009
300 _a103
_bPB
365 _b75
_cRs
650 _aKannada literature
_9159292
650 _aKannada Miscellaneous
_9159293
906 _aA ; baraha ; dashaka: ; dashakada ; embattara ; mattu ; patragaLu
942 _2ddc
_cBK
999 _c215333
_d215333